| 000 | 01109cab a22002175a 4500 | ||
|---|---|---|---|
| 001 | L152875 | ||
| 008 | 110510e20110507xxk 000 0 eng d | ||
| 035 | _a(Sirsi) u152875 | ||
| 041 | 0 | _aeng | |
| 100 | 1 | _aSimmons, Mark | |
| 245 | 0 | 0 |
_aFocus _bLondon, City and Docklands |
| 260 | _c2011 | ||
| 490 |
_aEstates Gazette _v(1118) 7 May 2011, 87-(11) |
||
| 520 | _aReviews occupiers' requirements in the City of London. Influx of Asian pension funds leading the overseas investors in the City of London including Malaysia's Employees Fund and National Pension Service of Korea. Heron International's 36 storey tower of luxury residential apartments is popular with both owner occupiers and investors due to location and public transport links. Market in numbers looks at City of London and London Docklands supply and speculative development, occupier demand and net absorption from 1 Qr 2006 to 1 Qr 2011. | ||
| 590 | _aKA | ||
| 690 | _aPROPERTY-COMMERCIAL PROPERTY-COMMERCIAL PROPERTY MARKET | ||
| 700 | 1 | _aBuckley, James | |
| 700 | 1 | _aNorwood, Graham | |
| 700 | 1 | _aCunningham, Daniel | |
| 942 | _n0 | ||
| 999 |
_c83130 _d83130 |
||